| 000 | 00407nam a2200145Ia 4500 | ||
|---|---|---|---|
| 005 | 20260430133742.0 | ||
| 008 | 260429s9999||||xx |||||||||||||| ||und|| | ||
| 020 | _a9783030367237 | ||
| 082 |
_a006.31 _bCAL |
||
| 100 | _aCalin, Ovidiu | ||
| 245 | 0 |
_aDeep learning architectures : _ba mathematical approach / _cOvidiu Calin |
|
| 260 |
_aUSA : _bSpringer, _c2020. |
||
| 300 | _axxx, 760 p.; pbk | ||
| 942 | _cCU | ||
| 999 |
_c53829 _d53829 |
||